000 01040cam a22002771i 4500
003 SA-RiAUC
005 20260127132341.0
008 260126s1988 su g 00000 ara c
040 _aSA-JeALM
_bara
_cSA-RiAUC
_erda
050 4 _bR33 1988
082 0 4 _a214.323
_qSA-RiAUC
090 _a214.323
_bر ب ي
100 1 _aربيع، منيب محمد
_eمؤلف.
245 1 0 _aضمانات الحرية بين واقعية الإسلام وفلسفة الديمقراطية /
_cمنيب محمد ربيع.
250 _aالطبعة الأولى.
264 1 _aالرياض :
_bمكتبة المعارف،
_c1988
300 _a285 صفحة ؛
_c24 سم
336 _aنص
_btxt
_2rdacontent
_3كتاب
337 _aبدون وسيط
_bn
_2rdamedia
338 _aمجلد
_bnc
_2rdacarrier
650 7 _aالإسلام والحرية
_2aucsh
650 7 _aالحقوق المدنية
_2aucsh
650 7 _aالإسلام والديمقراطية
_2aucsh
942 _2ddc
_cBOOK
_n0
949 _aSA-JeALM
_d260126
_uosman123
_n1
999 _c14191
_d14191